Vanuatu-Quiz - Statistiken

Allgemein
  • Dieses Quiz wurde 1.323 mal gespielt
  • Das Durchschnittsergebnis liegt bei 8 aus 20
Antwortstatistiken
Frage Antwort % Korrekt
Amtssprache von Vanuatu Englisch
97%
Amtssprache von Vanuatu Französisch
72%
Französisches Territorium, das sich südwestlich von Vanuatu befindet Neu{kaledonien}
69%
Hauptstadt von Vanuatu Port Vila
57%
Britischer Seefahrer, der Vanuatu den obigen Namen gab James Cook
56%
Diese schreckliche Tat wurde spätestens 1969 zum letzten Mal durchgeführt {Kannibal}ismus
56%
Vanuatu gehört zu dieser ozeanischen Inselgruppe {Mela}nesien
46%
Produkt, der 71% der Exporte Vanuatu ausmacht Fisch
41%
Größte Insel Vanuatu (ebenfalls der Name eines brasilianischen Staats) Espiritu {Santo}
37%
Britischer Prinz (1921-2021) der von den Einheimischen auf der Insel Tanna als Gottheit verehrt wird Prinz Philip
34%
Vanuatu verkauft dies für $150,000, eines der billigsten Preise weltweit Staatsbürgerschaft
33%
Ehemaliger Name Vanuatu vor der Unabhängigkeit in 1960 Neue {Hebriden}
28%
Meer zwischen Vanuatu und Australien Korallensee
27%
Sportart, die dem traditionnellen "Lianenspringen von Pentecost" aus Vanuatu ähnelt {Bungee}springen
23%
Währung von Vanuatu Vatu
20%
Vanuatu hat davon 113, das höchste pro Kopf Verhältnis weltweit Einheimische Sprachen
18%
Amtssprache von Vanuatu Bislama
17%
Glaubensrichtung, die die Ankunft von Vorräten durch den technologischen Fortschritt erhoffte (wie dies während dem 2. Weltkrieg in Vanuatu der Fall war) {Cargo}kult
16%
Zweitgrößte Stadt Vanuatu und wichtigste Stadt der obigen Insel {Lugan}ville
15%
Pflanze, mit deren Wurzeln Getränke mit beruhigender Wirkung zubereitet wird (Anfangsbuchstabe K) Kava
13%
Keine übereinstimmenden Quizze gefunden
Verteilung der Resultate
Anzahl Personen mit jedem Resultat
Perzentil nach korrekt beantworteten Fragen
Ihre Resultats-Entwicklung
Sie haben dieses Quiz noch nicht gespielt